000 00469nam a2200181Ia 4500
005 20250326143258.0
008 250326s9999 xx 000 0 und d
037 _aTextbook
040 _aFMSL
_beng
_cFMSL
041 _aeng
_2eng
084 _aX:513 P3
_qFMSL
100 _aKapoor J
245 0 _a18 Brand Astras
_cKapoor J
260 _aNew Delhi
_bNew Delhi, Response
_c2003
300 _a131p
942 _cTB
_hX:513 P3
999 _c1298891
_d1298891